00321nam a22001217a 450000500170000000800410001708200170005810000190007524500280009426000460012230000130016865000180018120250508040235.0250508b |||||||| |||| 00| 0 eng d 222a894bSIR aAsoka, Mandoor aSirakodintha Paravaikal aBatticaloabSt, Sebastaian Printersc1993 a124 p ., aShort Stories